Категорії ввічливості на прикладі англійських художніх творів. (Запис № 284951)

МАРК-запис
000 -LEADER
fixed length control field 02273nam a22001577a 4500
041 ## - LANGUAGE CODE
Language code of text/sound track or separate title ukr
080 ## - UNIVERSAL DECIMAL CLASSIFICATION NUMBER
Universal Decimal Classification number 09
090 ## - LOCALLY ASSIGNED LC-TYPE CALL NUMBER (OCLC); LOCAL CALL NUMBER (OCLC)
Local cutter number (OCLC) ; Book number/undivided call number, CALL (RLIN) ГОС
100 ## - MAIN ENTRY--PERSONAL NAME
Personal name Господаренко А.Р.
245 ## - TITLE STATEMENT
Title Категорії ввічливості на прикладі англійських художніх творів.
260 ## - PUBLICATION, DISTRIBUTION, ETC. (IMPRINT)
Place of publication, distribution, etc Острог
Name of publisher, distributor, etc КАФ
Date of publication, distribution, etc 2012
300 ## - PHYSICAL DESCRIPTION
Extent 56
520 ## - SUMMARY, ETC.
Summary, etc Розділ 1. Поняття категорії ввічливості та її основні характеристики.<br/>1.1 Поняття лінгвістичної ввічливості.<br/>1.2 Комунікативна категорія ввічливості.<br/>1.3 Категорія ввічливості в теорії і практиці міжособистістної комунікації.<br/>1.4 Основні характеристики категорії ввічливості.<br/>Розділ 2. Способи вираження ввічливості в сучасній англійській мові.<br/>2.1 Граматичні та лексико-семантичні засоби вираження ввічливості.<br/>2.1.1 Способи помякшення категоричності.<br/>2.1.2 Використання імперативних конструкцій речень.<br/>2.2 Способи вираження ввічливості в загаліних мовних ситуаціях.<br/>2.2.1 Вираження ввічливості при звертанні.<br/>2.2.2 Вираження ввічливості при проханні<br/>2.2.3 Вираження ввічливості при відмові.<br/>2.2.4 Вираження ввічливості при подяці.<br/>2.3 Стратегій і тактики передачі ввічливості в художній та науковій прозі.<br/>2.3.1 Вираження позитивної ввічливості.<br/>2.3.1.1. Вияв згоди зі співрозмовником.<br/>2.3.1.2 Привертання уваги адресата.<br/>2.3.2.1 Зменшення впливу на співрозмовника.<br/>2.3.2.2 Приховування негативної думки.
-- художній,твори, ввічливість
650 ## - SUBJECT ADDED ENTRY--TOPICAL TERM
Topical term or geographic name as entry element Research Papers
942 ## - ADDED ENTRY ELEMENTS (KOHA)
Koha item type Книги
Фонди
Withdrawn status Lost status Source of classification or shelving scheme Damaged status Not for loan Home library Current library Date acquired Source of acquisition Cost, normal purchase price Total Checkouts Full call number Barcode Date last seen Price effective from Koha item type
    Universal Decimal Classification     ВІЛ - Відділ іноземн. літератури НБ ВІЛ - Відділ іноземн. літератури НБ 18/09/2012 Акт №5 1.00   09 215007 10/11/2021 18/09/2012 Книги